00383pab a2200133 454500008004000000100002000040245007200060260000900132300001400141362001200155650004100167650002800208773001300236180718b2009 xxu||||| |||| 00| 0 eng d aPramanik, Bimal aAwami League Mohajote elected to power and minorities in Bangladesh c2009 ap.155-57. aApr-Jun aBangladesh - Politics and government aPolitics and government aDialogue